000 00345cam a22001097a 4500
008 180718b1976 xxu||||| |||| 00| 0 eng d
082 _aZ47x54 M474
100 _aMehra, Shakuntla
245 _aSome aspects of labour use in Indian agriculture
_cby Shakuntla Mehra
260 _aNew York
_bDepartment of Agriculural Economics
_c1976
300 _a31+p.
999 _c430084
_d430084